La responsabilidad de los directores de sociedades anónimas: responsabilidad civil y penal administrativa

保存先:
書誌詳細
第一著者: Alcalde Rodríguez, Enrique (著者)
フォーマット: 図書
言語:スペイン語
出版事項: Santiago Ediciones UC 2013
主題:
タグ: タグ追加
タグなし, このレコードへの初めてのタグを付けませんか!

MARC

LEADER 00000cam a2200000 a 4500
001 UCF7860
003 CL-VaPUC
008 130711e20130000CL |||||||||||||||||spa|d
020 |a 9789561413399 
082 0 4 |a 346.83066  |b ALC  |2 21 
100 0 |a Alcalde Rodríguez, Enrique  |e author  |9 569974 
245 1 3 |a La responsabilidad de los directores de sociedades anónimas: responsabilidad civil y penal administrativa 
300 |a 498 p 
942 |c BK 
945 |d 20130711 00:00:00  |a dcastane 
260 |a Santiago  |b Ediciones UC  |c 2013 
650 0 |a Sociedades anónimas  |9 255387 
650 0 |a Derecho comercial   |9 256340 
650 0 |a Responsabilidad administrativa  |9 256129 
650 7 |a RESPONSABILIDAD CIVIL  |2 CL-VaPUC  |9 569975 
650 0 |a Responsabilidad empresarial  |9 525231 
650 0 |a Responsabilidad penal  |9 254899 
583 |a last modification  |c 20130711 11:26:00  |k Rodrigo Vera 
999 |c 352607  |d 352605 
952 |0 0  |1 0  |4 0  |6 346_830660000000000_ALC_2013  |7 0  |8 A  |9 457198  |a BIBDER  |b BIBDER  |d 2019-11-22  |i 4985664  |l 13  |m 6  |o 346.83066 ALC 2013  |p 4985664  |r 2023-06-28  |s 2023-06-28  |w 2019-11-22  |y BK  |k DER 
952 |0 0  |1 0  |3 erd  |4 0  |6 346_830660000000000_ALC_2013  |7 0  |8 A  |9 457199  |a BIBGIM  |b BIBGIM  |d 2019-11-22  |i 5024293  |l 1  |m 3  |o 346.83066 ALC 2013  |p 5024293  |q 2025-12-31  |r 2020-03-05  |s 2020-03-05  |w 2019-11-22  |y BK  |z Catalogado en:20131025  |k COM 
952 |0 0  |1 0  |3 erd  |4 0  |6 346_830660000000000_ALC_2013  |7 0  |8 A  |9 457200  |a BIBGIM  |b BIBGIM  |d 2019-11-22  |i 5024307  |o 346.83066 ALC 2013  |p 5024307  |r 2025-01-15  |w 2019-11-22  |y BK  |z Catalogado en:20131025  |k COM 
952 |0 0  |1 0  |3 erd  |4 0  |6 346_830660000000000_ALC_2013  |7 0  |8 A  |9 457201  |a BIBGIM  |b BIBGIM  |d 2019-11-22  |i 5024315  |o 346.83066 ALC 2013  |p 5024315  |r 2025-01-15  |w 2019-11-22  |y BK  |z Catalogado en:20131025  |k COM 
952 |0 0  |1 0  |3 erb  |4 0  |6 346_830660000000000_ALC_2013  |7 0  |8 A  |9 457202  |a BIBDER  |b BIBDER  |i 516334K  |l 3  |o 346.83066 ALC 2013  |p 516334K  |r 2023-01-25  |s 2020-12-09  |w 2019-11-22  |y BK  |z Catalogado en:20150605  |k DER 
952 |0 0  |1 0  |3 erb  |4 0  |6 346_830660000000000_ALC_2013  |7 0  |8 A  |9 457203  |a BIBDER  |b BIBDER  |i 5163331  |l 6  |m 3  |o 346.83066 ALC 2013  |p 5163331  |r 2025-04-22  |s 2025-04-03  |w 2019-11-22  |y BK  |z Catalogado en:20150605  |k DER